00893cam a22002411i 4500001001300000003000400013005001700017008004100034010001700075035001900092040007700111042001200188050001700200100002100217245010700238260009500345300003300440410007100473500001600544504003700560650003700597999001700634hew61000070 DLC20260227111511.0780530s1961 dcua f000 0 eng c ahew61000070  a(OCoLC)3936602 aU. S. Dept. of Health, Education, and Welfare. LibrarycDNIEdOCoLCdDLC apremarc00aLB3209b.T281 aTaylor, James L.10aFunctional schools for young children /c[by] James L. Taylor, Lillian L. Gore [and] Hazel F. Gabbard. a[Washington] :bU.S. Dept. of Health, Education, and Welfare, Office of Education,c[1961] aviii, 81 p. :bill., tables.10aUnited States.bOffice of Education.tSpecial publication ;vno. 8 a"OE-21006." a"Selected references: p. 71-75." 0aSchool buildingszUnited States. c34305d34305